| 000 | 00407nam a2200181Ia 4500 | ||
|---|---|---|---|
| 005 | 20251020182532.0 | ||
| 008 | 200515s9999 xx 000 0 und d | ||
| 082 | _a711.01/B38 | ||
| 100 | _aBENEVOLO, Leonardo | ||
| 245 | 0 | _aOrĂgenes del urbanismo moderno | |
| 260 | _aMadrid | ||
| 260 | _c1994 | ||
| 500 | _a1 ejemplar | ||
| 650 | _aHISTORIA | ||
| 650 | _aLIB | ||
| 650 | _aURBANISMO | ||
| 942 | _cLIB | ||
| 999 |
_c2098 _d2098 |
||